Trasa Linii 184 (MPK KRAKÓW) - Statystyki

Ogólne statystyki
  • Ten quiz został rozwiązany 8 razy
  • Średni wynik to 15 z 20
Statystyki odpowiedzi
Lp. Ulica Przystanek % Poprawnych
6. Łepkowskiego Majora Majora
100%
20. Grzegórzecka Starowiślna
100%
10. Młyńska Miechowity
83%
14. ↑ Olszyny Narzymskiego
83%
12. Pilotów Pilotów
83%
4. Majora Powstańców Powstańców
83%
3. Powstańców Powstańców Garaże
83%
1. Strzelców Prądnik Czerwony
83%
9. LublańskaDobrego Pasterza Rondo Barei
83%
11. PilotówMłyńska Rondo Młyńskie
83%
15. al. Beliny-Prażmowskiego Cmentarz Rakowicki
67%
18. Grzegórzecka Hala Targowa
67%
13. ↓ Łukasiewicza Łukasiewicza
67%
2. ↑ Strzelców Prądnik Czerwony
67%
7. Dobrego Pasterza Promienistych
67%
17. Grzegórzeckaal. Powstania Warszawskiego Rondo Grzegórzeckie
67%
16. al. Powstania Warszawskiegoal. Beliny-Prażmowskiego Rondo Mogilskie
67%
19. ↓ Grzegórzecka Starowiślna
67%
5. ↑ Majora Sudolska
67%
8. ↓ Dobrego Pasterza Bischana
17%
Nie znaleziono quizów pasujących do podanych kryteriów
Rozkład punktacji
Procent ludzi z każdym wynikiem
Percentyl według liczby udzielonych odpowiedzi
Twoja historia wyników
Nie rozwiązałeś tego quizu